On This Day: April 13th II Quiz Stats

 Plays Quiz Updated Apr 13, 2018

Score 0/7 Timer 03:00
0 Plays Today
Question Answer Wrong Answers
An oxygen tank aboard ______ explodes, putting the crew in great danger and causing major damage to the spacecraft while en route to the Moon.
1970
Apollo 13
83.6%
Apollo 12
3.3%
Apollo 11
9.9%
Apollo 10
2.2%
With the American Civil War nearing an end, Union Forces occupy this capital of North Carolina.
1865
Raleigh
76.5%
Durham
2.1%
Charlotte
14.1%
Richmond
7.2%
This conflict begins after a short series of armed clashes involving Christian and Palestinian factions erupt in the streets of central Beirut.
1975
Lebanese Civil War
75.8%
Syrian Civil War
9.8%
Yemeni Civil War
3.6%
Libyan Civil War
9%
This future home run king makes his MLB debut for the Milwaukee Braves.
1954
Hank Aaron
70.7%
Barry Bonds
7.7%
Willie Mays
10.2%
Mickey Mantle
10.6%
Touted as the largest non-nuclear weapon in the American arsenal, the United States drops the ‘Mother Of All Bombs’, targeting ISIS militants in Nangarhar Province, ______.
2017
Afghanistan
69.6%
Pakistan
13.5%
Iran
12.1%
Oman
2.6%
The Universal Postal Union decides to recognize the People's Republic of China as the only legitimate Chinese representative, effectively expelling the Republic of China administering ______.
1972
Taiwan
65.5%
Hong Kong
24.2%
Macau
3.4%
Singapore
5.4%
A pact of neutrality is signed between Japan and this nation, two years after a brief border war between the two states.
1941
Soviet Union
35%
China
50.6%
Thailand
7.5%
Mongolia
6.5%

You're not logged in!

Compare scores with friends on all Sporcle quizzes.
OR
Log In

Sporcle TV

Today on Sporcle TV


Watch our educational content, quiz creation guides, and fun videos on Sporcle TV.

Show Comments

Extras

Top Quizzes Today


Score Distribution

Your Account Isn't Verified!

In order to create a playlist on Sporcle, you need to verify the email address you used during registration. Go to your Sporcle Settings to finish the process.

Report this User

Report this user for behavior that violates our Community Guidelines.

Details: